Indian journal of corporate governance (Record no. 98159)

MARC details
000 -LEADER
fixed length control field 00481nam a22001577a 4500
005 - DATE AND TIME OF LATEST TRANSACTION
control field 20151112123756.0
008 - FIXED-LENGTH DATA ELEMENTS--GENERAL INFORMATION
fixed length control field 151112b xxu||||| |||| 00| 0 eng d
022 ## - INTERNATIONAL STANDARD SERIAL NUMBER
International Standard Serial Number 0974-6862
245 ## - TITLE STATEMENT
Title Indian journal of corporate governance
260 ## - PUBLICATION, DISTRIBUTION, ETC. (IMPRINT)
Place of publication, distribution, etc Sage Publication
Name of publisher, distributor, etc New Delhi
Date of publication, distribution, etc 2015
300 ## - PHYSICAL DESCRIPTION
Extent v. :
Dimensions 23cm.
310 ## - CURRENT PUBLICATION FREQUENCY
Current publication frequency Biannually
651 ## - SUBJECT ADDED ENTRY--GEOGRAPHIC NAME
Form subdivision Periodicals.
270 ## - ADDRESS
Address B1/1-1,Mohan Cooperative Industrial Area,Mathura Road,
City New Delhi
Country India
Postal code 110044
942 ## - ADDED ENTRY ELEMENTS (KOHA)
Source of classification or shelving scheme Dewey Decimal Classification
Item type Periodicals
Serial record 1
Call number suffix IND
Holdings
Withdrawn status Lost status Source of classification or shelving scheme Damaged status Not for loan Collection code Home library Current library Date acquired Source of acquisition Total Checkouts Full call number Date last seen Price effective from Koha item type
    Dewey Decimal Classification   Not For Loan Non-fiction D.B.Act.Division D.B.Act.Division 12/11/2015 DBAD/PUB   IND 12/11/2015 12/11/2015 Periodicals

© Delhi Public Library
Hit Counter
free hit counter